Prúdy a protiprúdy globalizácie

Pojem "globalizácia" - definícia. Glorifikácia procesu globalizácie, záujem na prehlbovaní procesu globalizácie. Protirečivé prejavy globalizácie, kritika a odpor. Názory J. Stiglitza na globalizáciu. Dominantné subjekty globalizácie. Transnacionálne korporácie a proces globalizácie. Globálne problé...

Descripción completa

Guardado en:
Detalles Bibliográficos
Autor principal: Lysák, Ladislav
Formato: Capítulo de libro
Lenguaje:eslovaco
Materias:
Etiquetas: Agregar Etiqueta
Sin Etiquetas, Sea el primero en etiquetar este registro!

MARC

LEADER 00000naa$a2200000$$$4500
001 0036764
005 20221104090805.7
041 0 |a slo 
044 |a SK 
245 1 0 |a Prúdy a protiprúdy globalizácie  |c Ladislav Lysák 
520 |a Pojem "globalizácia" - definícia. Glorifikácia procesu globalizácie, záujem na prehlbovaní procesu globalizácie. Protirečivé prejavy globalizácie, kritika a odpor. Názory J. Stiglitza na globalizáciu. Dominantné subjekty globalizácie. Transnacionálne korporácie a proces globalizácie. Globálne problémy a ich riešenie. Zvyšovanie vplyvu medzinárodných organizácií na vývoj svetovej ekonomiky a spoločnosti. Globalizácia versus diverzifikácia. Slovensko v procese globalizácie. 
610 2 0 |a hospodárstvo svetové 
610 2 0 |a globalizácia hospodárstva 
610 2 0 |a definície 
610 2 0 |a kritika 
610 2 0 |a diverzifikácia 
610 2 0 |a problémy globálne 
610 2 0 |a Slovensko 
100 1 |a Lysák, Ladislav